000 00321nab a22001097u 4500
008 130520b1987 xxu||||| |||| 00| 0 spa d
041 _aspa
100 1 _aMoreira, A.
_967421
245 0 0 _a¿Ortodoxia para proteger a los pobres?
_cA. Moreira
773 0 _tConcilium
_gV.2,1987,págs.135-140
_x0210-1041
_wRev134
942 _cAR
999 _c355333
_d355333